000 00661nam a2200277Ia 4500
005 20260324140737.0
008 008 260324s9999 xx 000 0 eng d
020 _a9780203030172
037 _aEBOOK
040 _aCRL
040 _beng
040 _cCRL
041 _2eng
041 _aeng
084 _qCRL
100 _aPhilip Hirsch; Carol Warren
_91205578
245 4 _aThe Politics of Environment in Southeast Asia
260 _bTaylor and Francis
260 _c1998
365 _a
365 _b240
856 _uhttp://www.taylorfrancis.com/books/9780203030172
942 _cEBOOK
999 _c1807940
_d1807940